Democratizar la democracia. Más democracia siempre más democracia.
Enregistré dans:
| Auteur principal: | |
|---|---|
| Format: | Livre |
| Langue: | anglais |
| Publié: |
Santiago, Chile:
Forja,
2023.
|
| Édition: | Primera edición. |
| Sujets: | |
| Tags: |
Ajouter un tag
Pas de tags, Soyez le premier à ajouter un tag!
|
MARC
| LEADER | 00000nam a22000007a 4500 | ||
|---|---|---|---|
| 003 | CL-VaPUC | ||
| 005 | 20241011124515.0 | ||
| 008 | 241003t2023 ||||| |||| 00| 0 eng d | ||
| 999 | |c 444973 |d 444971 | ||
| 020 | |a 978956338675-2 | ||
| 040 | |c Pontificia Universidad Católica de Valparaíso | ||
| 082 | |2 22 |a 323.042 MEN 2023 | ||
| 100 | |9 452844 |a Mena Keymer, Carlos Eduardo |e autor | ||
| 245 | |a Democratizar la democracia. |b Más democracia siempre más democracia. | ||
| 250 | |a Primera edición. | ||
| 260 | |a Santiago, Chile: |b Forja, |c 2023. | ||
| 300 | |a 308 páginas. | ||
| 500 | |a c.1 Rectoría 02/10/2024. | ||
| 583 | |c 20241003 |k Yessy Sthefany Diaz Vidal | ||
| 650 | 0 | |9 255256 |a Democracia |x Desigualdad, discriminación, etc. |v Análisis crítico |z América Latina, Europa y Estados Unidos | |
| 650 | 0 | |9 892005 |a Democracia representativa |x Participación ciudadana | |
| 650 | 0 | |9 316630 |a Democratización |x Libertad e igualdad |v Aspectos políticos y tecnológicos | |
| 942 | |2 ddc |c BK | ||
| 952 | |0 0 |1 0 |2 ddc |4 0 |6 323_042000000000000_MEN_2023 |7 0 |8 A |9 597185 |a BIBHIS |b BIBHIS |d 2024-10-03 |i 5662975 |o 323.042 MEN 2023 |p 5662975 |r 2025-01-20 |t 1 |w 2024-10-03 |y BK |k HIS | ||